000 00261nam a22001217a 4500
008 181207b xxu||||| |||| 00| 0 eng d
041 _aeng
080 _a541
100 _a12
101 _aKIM
245 _aElements Of Chemistry
_cFuller.B
942 _2udc
_cBK
999 _c52989
_d52989